ბათუმის შოთა რუსთაველის სახელმწიფო უნივერსიტეტის ბიბლიოთეკა

ბიბლიური თქმულებები / (ბიბ.ჩანაწერი № 36190)

000 -ლიდერი
ფიქსირებული სიგრძის საკონტროლო ველი 00947nam a2200229Ia 4500
001 - საკონტროლო ნომერი
საკონტროლო ველი 2093
003 - საკონტროლო ნომრის იდენტიფიკატორი
საკონტროლო ველი GE_BSU
005 - ბოლო ოპერაციის თარიღი და დრო
საკონტროლო ველი 20190506142023.0
008 - ფიქსირებული სიგრძის მონაცემთა ელემენტები - ზოგადი ინფორმაცია
ფიქსირებული სიგრძის საკონტროლო ველი 181216s1976||||ge |||||||||||||| ||geo||
040 ## - კატალოგიზაციის წყარო
Transcribing agency GE_BSU
041 ## - ენის კოდი
Language code of text/sound track or separate title geo
080 ## - უნივერსალური ათობითი კლასიფიკაციის ინდექსი
Universal Decimal Classification number 27-23 კ–78
100 ## - მთავარი ჩანაწერი - პიროვნების სახელი
Personal name კოსიდოვსკი, ზენონ
9 (RLIN) 782
245 ## - ცნობა სათაურის შესახებ
Title ბიბლიური თქმულებები /
Statement of responsibility, etc ზენონ კოსიდოვსკი; რუს. თარგმნა ფ. ბერიძემ.
245 ## - ცნობა სათაურის შესახებ
Remainder of title რუსილიდან თარგმნა ფილიპე ბერიძემ
264 ## - წარმოების, გამოცემის, დისტრიბუციის და სხვა ცნობები
გამოცემის, წარმოების, დისტრიბუციის... ადგილი თბილისი :
გამოცემის, წარმოების, დისტრიბუციის... სახელწოდება ნაკადული,
გამოცემის, წარმოების, დისტრიბუციის... თარიღი 1976.
300 ## - ფიზიკური აღწერა
Extent 468გვ. ;
Other physical details 21სმ.
653 ## - INDEX TERM--UNCONTROLLED
Uncontrolled term ბიბლია
653 ## - INDEX TERM--UNCONTROLLED
Uncontrolled term ბიბლიური თქმულებები
700 ## - ADDED ENTRY--PERSONAL NAME
Personal name ბერიძე, ფილიპე
Relator term მთარგმნელი
9 (RLIN) 783
942 ## - ADDED ENTRY ELEMENTS (KOHA)
Koha item type წიგნი
Source of classification or shelving scheme
ეგზემპლარები
ჩამოწერის სტატუსი დაკარგული ეგზემპლარის სტატუსი კლასიფიკაციის წყარო ან თაროზე გაწყობის სქემა დაზიანების სტატუსი არ გაიცემა მუდმივი მდებარეობა (დაცვის ადგილი) ამჟამინდელი ადგილსამყოფელი თაროზე განთავსების ადგილი შეძენის თარიღი ღირებულება, შესყიდვის ნორმალური ფასი სრული შენახვის შიფრი შტრიხკოდი ბოლო ოპერაციის თარიღი ეგზემპლარის მიმდევრობითი ნომერი (კეტერი?) ფასის ძალაში შესვლის თარიღი ეგზემპლარის სახეობა საჯარო შენიშვნა
          ბათუმის შოთა რუსთაველის სახელმწიფო უნივერსიტეტის მთავარი ბიბლიოთეკა ბათუმის შოთა რუსთაველის სახელმწიფო უნივერსიტეტის მთავარი ბიბლიოთეკა წიგნსაცავი 2018-12-17 15.00 27-23 კ–78 4152 2018-12-17 4152 2018-12-17 წიგნი 15 ლ.